| 000 | 00446cam a2200145 4500500 | ||
|---|---|---|---|
| 005 | 20251012012251.0 | ||
| 041 | _afre | ||
| 042 | _adc | ||
| 100 | 1 | 0 |
_aN’Diaye, Aïda _eauthor |
| 245 | 0 | 0 | _aL’Amour la mer |
| 260 | _c2022. | ||
| 500 | _a45 | ||
| 786 | 0 | _nPhilosophie magazine | 156 | 2 | 2022-02-01 | p. 72-72 | 1951-1787 | |
| 856 | 4 | 1 | _uhttps://shs.cairn.info/magazine-philosophie-magazine-2022-2-page-72?lang=fr&redirect-ssocas=7080 |
| 999 |
_c1526081 _d1526081 |
||